00000000nam##2200000za#4500
0019.641075
003CaOODSP
00520250403105351
007cr |||||||||||
008150407|1996||||xxc|||||o    f|0| 0 fre|d
040 |aCaOODSP|bfre
043 |an-cn---
0861 |aCS92-N0081/1996F-PDF
24500|aLangue - manuel des procédures |h[ressource électronique]
260 |aOttawa - Ontario : |bStatistique Canada |c1996.
500 |aPublication du recensement historique numérisé par Statistique Canada.
590 |a12-44-Supp|b2012-12-13
69107|aCodification|2gcpds
69107|aRecensement|2gcpds
7102 |aStatistique Canada.
77508|tLanguage - procedures manual |w(CaOODSP)9.697001
85640|ahttp://publications.gc.ca|qPDF|s1000 Ko|uhttps://publications.gc.ca/collections/collection_2012/statcan/rh-hc/CS92-N0081-1996-fra.pdf
986 |aL-1